000 01549nam a22003977a 4500
003 CHAP
005 20220817041417.0
008 971013s1996 r 00010 d
010 _a13676
011 _a14648
035 _a18722
040 _cCHAP
082 _a910.021
_bS8Y
100 0 0 _aStar, Jeffrey.
_9109480
245 _aSistemas de información geográfica
_b: una introducción
260 _aChapingo, Méx. :
_bUACH. División de Ciencias Forestales,
_c1996
300 _a238 p.
490 _aSerie de Apoyo Académico
_v; 50
590 _aBATCH-UPD
_b10
_c20130110
_lUCH01
_h1446
590 _aBATCH-UPD
_b10
_c20130410
_lUCH01
_h0915
590 _aBATCH-UPD
_b10
_c20130914
_lUCH01
_h0853
590 _aCONVERSION
_b10
_c20130109
_lUCH01
_h1309
650 1 4 _aCartografía.
_919644
650 1 4 _aProcesamiento automático de datos en geografía.
_991783
650 1 4 _aSistemas de Información Geográfica.
700 0 _aEstes, John.
_938299
830 0 _aSerie de apoyo académico
_v; 50
901 _aBK
942 _cLIBRO
949 _a910.021 S8Y
_bBC
_cLIBRO
_d33724000594032
_eLIBRO
_fc.5
_h92591
_i18722
_kDonaciØn
_si
949 _a910.021 S8Y
_bBC
_cLIBRO
_d33724000687604
_eLIBRO
_fc.6
_h92881
_i18722
_kDonaciØn
_si
949 _a910.021 S8Y
_bBC
_cLIBRO
_d33724000688032
_eLIBRO
_fc.3
_h92340
_i18722
_si
949 _a910.021 S8Y
_bBC
_cLIBRO
_d33724000688040
_eLIBRO
_fc.2
_h92339
_i18722
_si
949 _a910.021 S8Y
_bBC
_cLIBRO
_d33724000822029
_eLIBRO
_h92338
_i18722
_si
949 _a910.021 S8Y
_bBC
_cUACH
_d-153494
_eUACH
_fc.4
_h92341
_i18722
_sb
999 _c13676
_d13676